On the problem of Plateau /

Guardado en:
Autor Principal: Radó, Tibor.
Formato: Libro
Idioma:English
Publicado: New York : Chelsea, 1951.
Series:Ergebnisse der Mathematik und ihrer Grenzgebiete ; 2. Bd., 2
Etiquetas: Agregar Etiqueta
Sin Etiquetas, Sea el primero en etiquetar este registro!
LEADER 00552nam a22001695a 4500
001 MAT.inmabb000666
008 031118r19511933nyu###########001#0#eng#d
005 20170802154416.0
245 1 0 |a On the problem of Plateau /  |c by Tibor Radó. 
260 |a New York :  |b Chelsea,  |c 1951. 
300 |a 109 p. ;  |c cm. 
440 0 |a Ergebnisse der Mathematik und ihrer Grenzgebiete ;  |v 2. Bd., 2 
500 |a Reproducción de la edición de 1933. 
510 4 |a MR,  |c MR0040601 
100 1 |a Radó, Tibor. 
084 |a 53A10  |a 49-XX  |2 msc2000 
859 |h 53  |i R131  |p A-459  |b BIB. MATEMATICA